Documentation and information retrieval (Record no. 354128)

000 -LEADER
fixed length control field 00406cam a22001337a 4500
008 - FIXED-LENGTH DATA ELEMENTS--GENERAL INFORMATION
fixed length control field 180718b1977 xxu||||| |||| 00| 0 eng d
082 ## - DEWEY DECIMAL CLASSIFICATION NUMBER
Classification number P99 Se56
100 ## - MAIN ENTRY--PERSONAL NAME
Personal name Sengupta, Benoyendra
245 ## - TITLE STATEMENT
Title Documentation and information retrieval
Statement of responsibility, etc. by Benoyendra Sengupta and Mridula Chatterjee
260 ## - PUBLICATION, DISTRIBUTION, ETC.
Place of publication, distribution, etc. Calcutta
Name of publisher, distributor, etc. World Press
Date of publication, distribution, etc. 1977
300 ## - PHYSICAL DESCRIPTION
Extent 194p.
650 ## - SUBJECT ADDED ENTRY--TOPICAL TERM
Topical term or geographic name entry element Documentation
700 ## - ADDED ENTRY--PERSONAL NAME
Personal name Chatterjee, Mridula
Holdings
Withdrawn status Lost status Damaged status Not for loan Permanent Location Current Location Date acquired Full call number Barcode Date last seen Price effective from Koha item type
        Indian Institute of Public Administration Indian Institute of Public Administration 1993-12-07 P99 Se56 52976 2018-07-21 2018-07-21 Book

Powered by Koha